000 00547nam a2200181Ia 4500
003 GCL
008 140319s9999 xx 000 0 eng d
040 _aGCL /
_cGCL
082 0 4 _a688.76
_bE A
245 1 0 _aADVANCED MATERIALS FOR SPORTS EQUIPMENT: HOW ADVANCED MATERIALS HELP OPTIMUM SPORTIVE PERFORMANCE AND MAKE SPORT SAFER
260 _a[S.N] :
_bMACMILLAN PUBLISHING COMPANY ،
_c1993
300 _a127 P
650 0 4 _aSPORT - EQUIPMENTS
650 0 4 _aSPORTS
650 0 4 _aSPORT SCIENCE
650 0 4 _aSPORTS AND GAMES
942 _2ddc
_cBK
999 _c16689
_d16689